The Muqaddimah : (Record no. 329013)
[ view plain ]
| 000 -LEADER | |
|---|---|
| fixed length control field | 01646cam a22003494a 4500 |
| 001 - CONTROL NUMBER | |
| control field | 13611481 |
| 003 - CONTROL NUMBER IDENTIFIER | |
| control field | Nust |
| 005 - DATE AND TIME OF LATEST TRANSACTION | |
| control field | 20170420155605.0 |
| 008 - FIXED-LENGTH DATA ELEMENTS--GENERAL INFORMATION | |
| fixed length control field | 040602r20051969nju i 001 0 eng |
| 010 ## - LIBRARY OF CONGRESS CONTROL NUMBER | |
| LC control number | 2004048684 |
| 020 ## - INTERNATIONAL STANDARD BOOK NUMBER | |
| International Standard Book Number | 9780691120546 |
| 040 ## - CATALOGING SOURCE | |
| Original cataloging agency | DLC |
| Transcribing agency | DLC |
| Modifying agency | DLC |
| 041 1# - LANGUAGE CODE | |
| Language code of text/sound track or separate title | eng |
| Language code of original | ara |
| 042 ## - AUTHENTICATION CODE | |
| Authentication code | pcc |
| 050 00 - LIBRARY OF CONGRESS CALL NUMBER | |
| Classification number | D16.7 |
| Item number | .I24132 2005 |
| 082 00 - DEWEY DECIMAL CLASSIFICATION NUMBER | |
| Classification number | 901 |
| Author Mark | KHA |
| 100 0# - MAIN ENTRY--PERSONAL NAME | |
| Personal name | Ibn Khaldūn, |
| Dates associated with a name | 1332-1406. |
| 240 10 - UNIFORM TITLE | |
| Uniform title | Kitāb al-ʻibar. |
| Name of part/section of a work | Muqaddimah. |
| Form subheading | Selections. |
| Language of a work | English |
| 245 14 - TITLE STATEMENT | |
| Title | The Muqaddimah : |
| Remainder of title | an introduction to history / |
| Statement of responsibility, etc. | Ibn Khaldun ; translated and introduced by Franz Rosenthal ; abridged and edited by N.J. Dawood. |
| 250 ## - EDITION STATEMENT | |
| Edition statement | 1st Princeton classic ed. / with a new introduction by Bruce B. Lawrence. |
| 260 ## - PUBLICATION, DISTRIBUTION, ETC. | |
| Place of publication, distribution, etc. | Princeton, NJ : |
| Name of publisher, distributor, etc. | Princeton University Press, |
| Date of publication, distribution, etc. | 2005. |
| 300 ## - PHYSICAL DESCRIPTION | |
| Extent | xliv, 465 p. ; |
| Dimensions | 20 cm. |
| 500 ## - GENERAL NOTE | |
| General note | Originally published: Princeton : Princeton University Press, 1969. With new introd. |
| 500 ## - GENERAL NOTE | |
| General note | Includes index. |
| 650 #0 - SUBJECT ADDED ENTRY--TOPICAL TERM | |
| Topical term or geographic name entry element | History |
| General subdivision | Philosophy |
| Form subdivision | Early works to 1800. |
| 650 #0 - SUBJECT ADDED ENTRY--TOPICAL TERM | |
| Topical term or geographic name entry element | Civilization |
| Form subdivision | Early works to 1800. |
| 700 1# - ADDED ENTRY--PERSONAL NAME | |
| Personal name | Rosenthal, Franz, |
| Dates associated with a name | 1914-2003. |
| 700 1# - ADDED ENTRY--PERSONAL NAME | |
| Personal name | Dawood, N. J. |
| 700 1# - ADDED ENTRY--PERSONAL NAME | |
| Personal name | Lawrence, Bruce B. |
| 856 42 - ELECTRONIC LOCATION AND ACCESS | |
| Materials specified | Publisher description |
| Uniform Resource Identifier | <a href="http://www.loc.gov/catdir/description/prin051/2004048684.html">http://www.loc.gov/catdir/description/prin051/2004048684.html</a> |
| 906 ## - LOCAL DATA ELEMENT F, LDF (RLIN) | |
| a | 7 |
| b | cbc |
| c | orignew |
| d | 1 |
| e | ocip |
| f | 20 |
| g | y-gencatlg |
| 942 ## - ADDED ENTRY ELEMENTS (KOHA) | |
| Source of classification or shelving scheme | |
| Koha item type | Book |
| Withdrawn status | Lost status | Source of classification or shelving scheme | Damaged status | Not for loan | Collection code | Permanent Location | Current Location | Shelving location | Date acquired | Total Checkouts | Total Renewals | Full call number | Barcode | Checked out | Date last seen | Date last checked out | Copy number | Price effective from | Koha item type |
|---|---|---|---|---|---|---|---|---|---|---|---|---|---|---|---|---|---|---|---|
| Central Library (CL) | Central Library (CL) | Book Cart | 04/20/2017 | 7 | 13 | 901 KHA | CL2976 | 03/08/2026 | 02/06/2026 | 02/06/2026 | 1 | 04/20/2017 | Book |
